000 00846nam a22002297a 4500
005 20160208110537.0
008 090109t xxu||||| |||| 00| 0urd d
010 _aUR-9295
020 _c160.00
_a9789350734537
035 _aU-7850
037 _bDBAD/PUB
040 _aDPL
_burdu
082 _a841.8
100 _aفر ح نا ز
245 _aّا سد ر ضا بحثيت طنز و مزا ح نگا ر
_cفر ح نا ز
246 _aAsad Raza Bahesiyat Tanz-o-Mazah Nigar
_b By Farah Naaz
260 _aد ھلی
_bا يجو کيشنل پبليشنگ ہا ؤ س
_c2015 ء
270 _a3191،Street Vakil Kucha Pandit Lal Kuan,
_bDelhi
_e110006
_k23216162
300 _a160ص
_c22 cm(hb)
700 _954088
_aتر تیب و تہز یب : محمد فہیم ا ختر ند و ی
942 _2ddc
_cUR
_h841.8
_mف ر ح
999 _c98833
_d98833